Loading...

The Earth Policy Reader

Bibliographic Details
Main Author: Brown, Lester R
Format: Printed Book
Published: Hyderabad, Orient Longman 2003
Subjects:
LEADER 005200000a22001690004500
020 |a 81 250 23631 
082 |a 363.7 BRO 
100 |a Brown, Lester R  |9 137636 
245 |a The Earth Policy Reader 
260 |a Hyderabad, Orient Longman 
260 |c 2003 
650 |a Climate change  |9 137637 
650 |a Earth Policy  |9 137638 
650 |a Eco-Economy  |9 137639 
942 |c BK 
999 |c 177509  |d 177505 
952 |0 0  |1 0  |4 0  |6 363_700000000000000_BRO  |7 0  |9 175946  |a SES  |b SES  |d 2019-05-16  |l 0  |o 363.7 BRO  |p SES01674  |r 2019-05-16  |w 2019-05-16  |y BK